000 00637nam a2200229 a 4500
001 46143
003 BD-RjUL
005 20211209054119.0
008 160731s1963 ii 000 0 eng d
035 _a(BD-RjUL)46261
040 _aCSU
_cCSU
_dm/c
_dRCD
_dBD-RjUL
_beng
041 _aeng
082 _223
_a331.0954
_bIND 1963
245 1 0 _aIndustrial labour in India /
_cV. B. Singh,
250 _a[2d rev. and enl. ed.]
260 _aBombay, New York :
_bAsia Pub. House,
_c1963
300 _axx, 664p. ;
_c23cm.
500 _aIncludes Index
650 0 _aLabor
_zIndia.
_9141028
700 _aSingh, V. B.
_9141029
942 _2ddc
_cBK
999 _c46143
_d46143